[Event "3rd Prague Futures"]
[Site "Prague CZE"]
[Date "2021.06.19"]
[Round "6.2"]
[White "Brozka, Karel"]
[Black "Nadzamova, Viktoria"]
[Result "1/2-1/2"]
[BlackTitle "WFM"]
[WhiteElo "2080"]
[BlackElo "2014"]
[WhiteFideId "398705"]
[BlackFideId "14943999"]
[EventDate "2021.06.14"]

1. d4 Nf6 2. Nf3 e6 3. c4 d5 4. Nc3 Be7 5. Bg5 O-O 6. e3 b6 7. cxd5 exd5 8. Be2
Bb7 9. O-O Nbd7 10. Rc1 Ne4 11. Bxe7 Qxe7 12. Nd2 c5 13. Ncxe4 dxe4 14. Nb3 Rad8
15. Qc2 cxd4 16. Nxd4 Ne5 17. Qa4 a6 18. Qb3 b5 19. Rfd1 Qg5 20. Kh1 Rd6 21. Rc7
Bd5 22. Qc3 Rg6 23. g3 Bc4 24. Rxc4 bxc4 25. Bxc4 Qh5 26. Be2 Nf3 27. Nxf3 exf3
28. Bf1 Rh6 29. h3 Qf5 30. Kh2 g5 31. Rd4 Rc8 32. Rc4 Rxc4 33. Qxc4 Rd6 34. e4
Qe5 35. Qc8+ Kg7 36. Qg4 Qxb2 37. Qxg5+ Rg6 38. Qc5 Qxa2 39. Qe5+ Rf6 40. Qg5+
Rg6 41. Qe5+ Rf6 42. Qg5+ Kf8 43. Qc5+ Ke8 44. Qc8+ Ke7 45. Qc7+ Kf8 46. Qc5+
Kg7 47. Qg5+ Rg6 48. Qe5+ f6 49. Qc7+ Qf7 50. Qb6 Qe7 51. Bxa6 Qxe4 52. Qc7+ Kh6
53. Bb7 Qe5 54. Qxe5 fxe5 55. Bxf3 Rb6 56. h4 Kg7 57. Be4 Rb4 58. f3 h6 59. g4
Kf6 60. Kg3 Rb2 61. Kh3 Ke6 1/2-1/2

[Event "3rd Prague Futures"]
[Site "Prague CZE"]
[Date "2021.06.19"]
[Round "6.3"]
[White "Hlavina, Matous"]
[Black "Balint, Peter"]
[Result "1-0"]
[WhiteElo "2119"]
[BlackElo "1978"]
[WhiteFideId "386650"]
[BlackFideId "1660713"]
[EventDate "2021.06.14"]

1. e4 e5 2. Nf3 Nc6 3. d4 exd4 4. Nxd4 Nf6 5. Nxc6 bxc6 6. e5 Qe7 7. Qe2 Nd5 8.
h4 a5 9. g3 Ba6 10. c4 Nb6 11. b3 O-O-O 12. Bh3 Re8 13. Bb2 Kb8 14. O-O d5 15.
Nd2 g6 16. Rac1 Bg7 17. Rfe1 h5 18. f4 Rhf8 19. Qf2 dxc4 20. Nxc4 Nxc4 21. bxc4
Bb7 22. Bd4 Rd8 23. Bc5 Qe8 24. Rb1 Ka8 25. Qb2 1-0

[Event "3rd Prague Futures"]
[Site "Prague CZE"]
[Date "2021.06.19"]
[Round "6.4"]
[White "Smolik, Jachym"]
[Black "Warchol, Kamil"]
[Result "0-1"]
[BlackTitle "CM"]
[WhiteElo "2073"]
[BlackElo "2126"]
[WhiteFideId "23701641"]
[BlackFideId "21858241"]
[EventDate "2021.06.14"]

1. Nf3 d5 2. e3 Nf6 3. b3 c5 4. Bb2 Nc6 5. Bb5 Bd7 6. O-O e6 7. d3 Be7 8. Nbd2
O-O 9. Bxc6 Bxc6 10. Ne5 Nd7 11. f4 Nxe5 12. fxe5 f6 13. exf6 Bxf6 14. Bxf6 Rxf6
15. Qg4 Rg6 16. Qf4 Qe7 17. Rf3 e5 18. Qf5 Bd7 19. Qxg6 hxg6 20. Raf1 e4 21.
dxe4 dxe4 22. Rf4 Bc6 23. Nc4 Bb5 24. Rf7 Qxf7 25. Rxf7 Kxf7 26. Nd6+ Ke6 27.
Nxb5 Rd8 28. c4 Rd1+ 29. Kf2 Rd2+ 30. Kg3 Ke5 31. Nc3 Rc2 32. Nd5 Rxa2 33. h4
Rb2 34. Ne7 Rxb3 35. Nxg6+ Kf6 36. Nf4 Rxe3+ 37. Kg4 Rb3 38. Nh5+ Kf7 39. Nf4 a5
40. Ne2 a4 41. Nc1 Rb2 0-1

[Event "3rd Prague Futures"]
[Site "Prague CZE"]
[Date "2021.06.20"]
[Round "7.1"]
[White "Balint, Peter"]
[Black "Smolik, Jachym"]
[Result "1/2-1/2"]
[WhiteElo "1978"]
[BlackElo "2073"]
[WhiteFideId "1660713"]
[BlackFideId "23701641"]
[EventDate "2021.06.14"]

1. e4 c6 2. d4 d5 3. exd5 cxd5 4. c4 Nf6 5. Nc3 Nc6 6. Nf3 Bg4 7. cxd5 Nxd5 8.
Qb3 Bxf3 9. gxf3 e6 10. Qxb7 Nxd4 11. Bb5+ Nxb5 12. Qc6+ Ke7 13. Qc5+ Nd6 14.
Nxd5+ Kd7 15. Nc3 Qc8 16. Qd4 Qc4 17. Be3 Qxd4 18. Bxd4 e5 19. Bc5 Ke6 20. Rd1
Nc4 21. Bxf8 Rhxf8 22. b3 Nd6 23. O-O Rfc8 24. Nd5 Rc5 25. Nb4 Nb5 26. Rfe1 Kf6
27. f4 exf4 28. Rd7 Rf5 29. Nd5+ Kg5 30. Ne7 Rc5 31. b4 Rc7 32. Rd5+ Kg4 33.
Rxb5 Re8 34. Rbe5 f6 35. Re6 Rc2 36. R6e2 Rc4 37. Re4 Rc2 38. R4e2 Rc4 39. f3+
Kh3 40. a3 g5 41. Re6 h5 42. b5 Rb8 43. Nd5 Rxb5 44. Nxf6 Rc2 45. R6e2 Rxe2 46.
Rxe2 Rb1+ 47. Kf2 Rh1 48. Nxh5 Rxh2+ 49. Ke1 Rh1+ 50. Kf2 Rh2+ 51. Ke1 Rh1+ 52.
Kf2 Rh2+ 1/2-1/2

[Event "3rd Prague Futures"]
[Site "Prague CZE"]
[Date "2021.06.20"]
[Round "7.2"]
[White "Warchol, Kamil"]
[Black "Paseka, Matyas"]
[Result "1/2-1/2"]
[WhiteTitle "CM"]
[WhiteElo "2126"]
[BlackElo "2069"]
[WhiteFideId "21858241"]
[BlackFideId "23703296"]
[EventDate "2021.06.14"]

1. e4 c5 2. b3 Nc6 3. Bb2 e5 4. Bc4 g6 5. f4 Bg7 6. Nf3 d6 7. O-O Nh6 8. fxe5
dxe5 9. h3 a6 10. Qe1 Nd4 11. Nxd4 exd4 12. d3 O-O 13. b4 cxb4 14. Qxb4 Be5 15.
Ba3 Re8 16. Bc1 Kg7 17. Bxh6+ Kxh6 18. Qd2+ Qg5 19. Qxg5+ Kxg5 20. Bxf7 Rf8 21.
Nd2 Bf4 22. Nf3+ Kh6 23. Bd5 Be3+ 24. Kh1 Ra7 25. Rae1 b5 26. c3 Rc7 27. cxd4
Bf4 28. Ne5 Kg7 29. Rf3 g5 30. Rff1 Re8 31. Re2 h5 32. Bf7 Rd8 33. Bd5 Re8 34.
Ref2 h4 35. Nf3 Rc3 36. Rd1 Bg3 37. Rff1 g4 38. Ng5 Re7 39. Rc1 Rec7 40. Rxc3
Rxc3 41. Be6 Bxe6 42. Nxe6+ Kg6 43. hxg4 Rxd3 44. e5 b4 45. Kg1 Re3 46. Kh1 a5
47. Rf6+ 1/2-1/2

[Event "3rd Prague Futures"]
[Site "Prague CZE"]
[Date "2021.06.20"]
[Round "7.3"]
[White "Vojta, Jakub"]
[Black "Brozka, Karel"]
[Result "1-0"]
[WhiteElo "2111"]
[BlackElo "2080"]
[WhiteFideId "382515"]
[BlackFideId "398705"]
[EventDate "2021.06.14"]

1. Nf3 Nf6 2. b3 g6 3. Bb2 Bg7 4. g3 d6 5. d4 O-O 6. Bg2 c5 7. O-O cxd4 8. Nxd4
Qb6 9. c4 Nc6 10. Nxc6 bxc6 11. Nc3 Rb8 12. e4 Be6 13. Na4 Qc7 14. f4 Rb4 15.
Bc3 Rxa4 16. bxa4 Bxc4 17. Re1 Qb6+ 18. Bd4 c5 19. Bc3 Rd8 20. Qc2 Be6 21. Rab1
Qa6 22. Rb2 Bd7 23. a5 Bc6 24. Qe2 Qxe2 25. Rexe2 Nd7 26. Bxg7 Kxg7 27. Red2 Nf6
28. Re2 Nd7 29. Kf2 Rb8 30. Rxb8 Nxb8 31. Rd2 f6 32. e5 fxe5 33. fxe5 dxe5 34.
Bxc6 Nxc6 35. Rd7 Nxa5 36. Rxa7 Nc4 37. Rxe7+ Kf6 38. Rxh7 Ke6 39. h4 Kf5 40.
Rc7 Nd6 41. Ke3 c4 42. a4 Kg4 43. Rc6 Nf5+ 44. Ke4 Nxg3+ 45. Kxe5 Kxh4 46. Rxg6
c3 47. Rc6 Ne2 48. a5 1-0

[Event "3rd Prague Futures"]
[Site "Prague CZE"]
[Date "2021.06.20"]
[Round "7.4"]
[White "Nadzamova, Viktoria"]
[Black "Hlavina, Matous"]
[Result "0-1"]
[WhiteTitle "WFM"]
[WhiteElo "2014"]
[BlackElo "2119"]
[WhiteFideId "14943999"]
[BlackFideId "386650"]
[EventDate "2021.06.14"]

1. e4 c5 2. Nf3 d6 3. Bb5+ Nd7 4. O-O a6 5. Bxd7+ Bxd7 6. c3 Nf6 7. e5 dxe5 8.
Nxe5 e6 9. d4 Qc7 10. Bf4 Bd6 11. Nd2 b5 12. Ndf3 c4 13. Nxd7 Nxd7 14. Bxd6 Qxd6
15. Re1 O-O 16. Qc2 h6 17. Re3 Qf4 18. Rae1 Rad8 19. Re4 Qf5 20. Qc1 Rfe8 21.
Nh4 Qh5 22. Nf3 Qg6 23. Nh4 Qf6 24. Rf4 Qg5 25. Nf3 Qg6 26. h3 h5 27. h4 Nf6 28.
Ne5 Qh6 29. g3 Rf8 30. Qd1 Nd5 31. Rfe4 Rfe8 32. f4 f6 33. Nf3 Qg6 34. Kh2 Qf5
35. Qe2 Rd6 36. Nd2 Kf7 37. Nf3 Rc8 38. a3 Rdc6 39. Rf1 Ke7 40. Re1 Kf7 41. Rf1
Kg8 42. Re1 Re8 43. Nd2 Kf7 44. Nf3 Qg4 45. f5 Qxf5 46. Ne5+ fxe5 47. Rf1 Nf4
48. gxf4 exd4 49. Re5 Qg4 50. Qxg4 hxg4 51. cxd4 Rd8 52. f5 exf5 53. Rfxf5+ Rf6
54. d5 Kg6 55. Rg5+ Kf7 56. Rgf5 Rc8 57. a4 bxa4 58. d6 Rxf5 59. Rxf5+ Ke6 60.
Ra5 Kxd6 61. Rxa6+ Kd5 62. Rxa4 Rb8 63. Kg3 Rxb2 64. Ra8 Rb6 65. Kxg4 c3 66.
Rd8+ Rd6 67. Re8 c2 68. Re1 Kd4 0-1